Регионална библиотека "Любен Каравелов" - Русе

Колекция България - загадки от вековете (Запис номер 91702)

MARC детайли
000 -Лидер
Контролно поле с фиксирана дължина 01904nam a2200409 c 4500
003 - Код на организацията, давaща контролен номер
Контролно поле BLK
005 - Дата и час на последна редакция
Контролно поле 20250119004107.0
008 - Елементи от данни с фиксирана дължина
fixed length control field 180408b bul|||||r ||||||| ||bul||
010 ## - Наследен системен номер
LC control number KNG00096462000
020 ## - Международен стандартен номер на книга ISBN
Международен стандартен номер на книга ISBN 978-954-574-005-3
-- издат.: Световна библ. - на том(т. 6)
040 ## - Източник на каталожния запис
Идентификатор на билиотеката - собственик на записа BLK
041 ## - Код за език
Код за езика на текст/звукозапис или на отделно заглавие Български
Код за езика КДБФ Български
072 #7 - Код за тематичната категория
Код организация bullib
Код за тематична категория Н92
Текст История Н
080 ## - УДК
Текстов определител УДК История на България
УДК код - определител по УДК 94(497.2)
УДК определител
УДК - код + определител 94(497.2)
080 ## - УДК
Текстов определител УДК Паметници на културата на историческите периоди. Археологическите паметници. Старини
УДК код - определител по УДК 904
УДК определител (497.2)
УДК - код + определител 904(497.2)
139 ## - Редно поле
Редна дума Колекция България - загадки от вековете
Авторски знак Колев - К 78
245 10 - Сведения за заглавието
Заглавие Колекция България - загадки от вековете
Подзаглавни данни Т. 1 - 10 За том: Ист. истина
Редно поле (дума) авт. на том Пламен Христов Павлов; съавт. на том Людмил Йорданов Спасов.
Том Т. 6
Заглавие на том Македония - земя българска
257 ## - Страна на издаване
Страна на създаване/издаване България
260 ## - Област на издателските данни
-- София
Година на издаване 2009
300 ## - Физическа характеристика
Размери/Мащаб 29 см
380 ## - Жанр
Жанр История
650 #0 - Допълнително описание по предмет – тема
Основно описание – тема или топоним България - история
9 (RLIN) 244493
650 #4 - Допълнително описание по предмет – тема
Основно описание – тема или топоним България - старини
9 (RLIN) 262139
651 #4 - Допълнително описание по предмет - топоним
Географско понятие България
9 (RLIN) 241624
653 ## - Ключова дума – ненормативна
Ключова дума българска история
653 ## - Ключова дума – ненормативна
Ключова дума старини
653 ## - Ключова дума – ненормативна
Ключова дума България
659 ## - Тематичен бюлетин
Тематичен бюлетин Н
700 1# - Други автори (авторска отговорност)
Лично име Спасов, Людмил Йорданов
Автороска отговорност (Описва отношението между автора и произведението) съавт. на том
9 (RLIN) 367402
760 1# - Описание на основната серия
-- - на том(т. 6)
Място на издаване, издател и година Световна библ., 2009
Страници - том 80 с. : с цв. ил.
Заглавие Т. 6 Македония - земя българска
852 ## - Местоположение
Форматна сигнатура Цб ІІ 16289
856 4# - Електронен адрес и достъп
Електронен формат pdf - файл
Път до файла /url/
856 4# - Електронен адрес и достъп
Електронен формат pdf - файл
Път до файла /url/
942 ## - АРТИКУЛИ
Вид на библиотечния материал Книги
Скрит в OPAC Не
944 ## - СЪЗДАВАНЕ И РЕДАКЦИЯ на ЗАПИСА
Създаване/Редакция Създаване
Дата на регистрацията/редакция 29.06.2010
Служител, извършил регистрацията/редакцията
Статус, дата на статуса CRON CRON
944 ## - СЪЗДАВАНЕ И РЕДАКЦИЯ на ЗАПИСА
Създаване/Редакция Редакция
Дата на регистрацията/редакция 22.06.2012
Служител, извършил регистрацията/редакцията
999 ## - СИСТЕМНИ КОНТРОЛНИ НОМЕРА
Koha biblionumber 91702
Koha biblioitemnumber 91702
Наличности
Код за отписване Код за изгубен артикул Код за повреда Коз за рестрикции Код за отдаване Артикулен № Име на библиотеката - собственик Име на библиотеката, в която се намира в момента Статус (Текущо местоположение) Дата на вписване в системата Местоположение - отдел Цена в лева Инвентарен номер Систематично азбучна сигнатура Баркод Номер на екземпляра Цена в евро Служебна бележка Служебен тип на артикула Източник на класификационната схема
  Не е изгубен Не е повреден без рестрикции ползва се в читалня 147943 Регионална библиотека "Любен Каравелов" Русе Регионална библиотека "Любен Каравелов" Русе Хранилище 2010-06-28 Хранилище 10.00 120000744798 Цб ІІ 16289 120000744798 1 5.11 Дост: Dp Вид: Д N: 46 Дата: 28.10.2009 Книги  
  Не е изгубен Не е повреден без рестрикции заемане за дома 147944 Регионална библиотека "Любен Каравелов" Русе Регионална библиотека "Любен Каравелов" Русе Детски отдел 2012-05-30 Детски отдел 0.00 120000757915 ДН 949.72/К 78 120000757915 2 0.00 Дост: DA Вид: А N: 8 Дата: 28.05.2012 Дата инв: 25.08.2015 Бележки инв: Д2015 Книги Universal Decimal Classification
Vip Innovations Ltd, Rousse, Bulgaria 2025